Normal view
MARC view
- Giovando E.
Entry Personal Name
001 - CONTROL NUMBER
- control field: 18522
003 - CONTROL NUMBER IDENTIFIER
- control field: IT-RoPau
005 - DATE AND TIME OF LATEST TRANSACTION
- control field: 20140404154301.0
008 - FIXED-LENGTH DATA ELEMENTS
- fixed length control field: 140404|| aca||aabn | a|a d
040 ## - CATALOGING SOURCE
- Original cataloging agency: IT-RoPau
- Transcribing agency: IT-RoPau
100 ## - HEADING--PERSONAL NAME
- Personal name: Giovando E.
- Miscellaneous information: Codice autore musica SPICS: 28359
- Relator term: Autore musica
- Name of part/section of a work: Abracadabra
670 ## - SOURCE DATA FOUND
- Source citation: Work cat.: (IT-RoPau)103167: AA.VV. 794, Decimo Zecchino d'Oro